Let's speak english
Gespeichert in:
| Weitere Verfasser: | |
|---|---|
| Format: | Buch |
| Sprache: | Spanisch |
| Erschienen: |
[S.l.] :
Oxford University Press,
1993
|
| Katalog: | MANES: Suchergebnis im Bibliothekskatalog |
| Schulbuchspezifische Eigenschaften: |
|
| Tags: |
Tag hinzufügen
Keine Tags, Fügen Sie den ersten Tag hinzu!
|
| Hinzugefügt zu: | 29.11.1999 |
| Geändert in: | 07.05.2025 |
MARC
| LEADER | 00000cam a2200000 i 4500 | ||
|---|---|---|---|
| 005 | 20250507134449.0 | ||
| 008 | 000000s1993 gbra fp 000 0 spa d | ||
| 020 | |a 019436061X (pupil's book) |a 0194360628 (workbook) | ||
| 040 | |a uned |b spa |c entro-manes | ||
| 245 | 0 | 0 | |a Let's speak english |
| 260 | |a [S.l.] : |b Oxford University Press, |c 1993 | ||
| 300 | |a 2 v. | ||
| 505 | 0 | |a Contiene: |g V. 1. |t Pupil's book 1 / |r R. Nakata, K. Frazier .-- |g V. 2. |t Workbook 1 / |r S. Wilkinson, R. Nakata, K. Frazier, R. Holt | |
| 546 | |a España | ||
| 561 | |5 es-BUNED |3 L.T.M. 3021 |a España. Fondo Manes UNED |k MANES | ||
| 690 | 0 | |a LE | |
| 691 | 0 | |a PRI | |
| 700 | 1 | |a Nakata, R. |q (Ritsuko) |9 38890 | |
| 942 | |2 ddc |c BK | ||
| 999 | |c 95052 |d 95052 | ||
| 999 | |c manes:95052 |d 95052 | ||